| 000 | 00486nam a2200181Ia 4500 | ||
|---|---|---|---|
| 001 | 10587 | ||
| 005 | 20260306161843.0 | ||
| 008 | 260306t2012||||xx |||||||||||||| ||spa|| | ||
| 041 | _aESP | ||
| 082 |
_a940.56 _bF39 |
||
| 100 |
_aFernández, Aurelio _eAUT |
||
| 245 | 0 |
_a¿Hacia dónde camina occidente?: _bpasado, presente y futuro de la cultura del siglo XXI |
|
| 260 | _c2012 | ||
| 300 |
_a532 páginas : _c20 cm. |
||
| 650 | _aGEN | ||
| 654 | _aCHU | ||
| 942 |
_cLIB _dJUS _fJUS _2ddc _n |
||
| 999 |
_c10587 _d10587 |
||